LEADER 01233nam0 2200289 450 001 000034845 005 20130611122323.0 100 $a20130603d1933----km-y0itaa50------ba 101 0 $aita 102 $aIT 200 1 $aConoscere l'insetto$fEttore Roncoroni 210 $aVarese$cTip. Arcivescovile dell'Addolorata$d1933 215 $a316 p., [36] carte di tav.$cill.$d25 cm. 300 $aIn testa al front.: Consorzio obbligatorio provinciale per la lotta contro il maggiolino e la processionaia del pino nella provincia di Varese 316 $aSulla pagina precedente il frontespizio: Gioacchino Viggiani 2 settembre 1933 606 1 $aInsetti 676 $a595.7$v(22. ed.)$9Entomologia. Insetti 700 1$aRoncoroni,$bEttore$070197 801 0$aIT$bUniversità della Basilicata - B.I.A.$gREICAT$2unimarc 912 $a000034845 996 $aConoscere l'insetto$997394 997 $aUNIBAS CAT $aSTD090$b01$c20130603$lBAS01$h1144 CAT $aTTM$b30$c20130603$lBAS01$h1531 CAT $aTTM$b30$c20130611$lBAS01$h1223 FMT Z30 -1$lBAS01$LBAS01$mBOOK$1BASA2$APolo Tecnico-Scientifico$2FVIG$BFondo Viggiani$3FVig/40370$640370$5T40370$7Collocato presso la Scuola di Agraria$820130611$f35$FStanza riservata